000 00632cam a2200145 4500500
005 20251228092911.0
041 _afre
042 _adc
100 1 0 _aCarruthers, Leo
_eauthor
245 0 0 _aGuillaume Tardif, Ditz des sages hommes, éd. Paola Cifarelli, Turin, Rosenberg & Sellier, 2021 ; 1 vol., C–170 p. (Biblioteca di Studi Francesi, 13). ISBN : 978-88-87885-943-2. Prix : € 19,00
260 _c2023.
500 _a64
786 0 _nLe Moyen Age | CXXVIII | 3 | 2023-04-11 | p. 759zzo-874zzo | 0027-2841
856 4 1 _uhttps://shs.cairn.info/revue-le-moyen-age-2022-3-page-759zzo?lang=fr&redirect-ssocas=7080
999 _c1603870
_d1603870